| Tag |
First Indicator |
Second Indicator |
Subfields |
| LEADER |
00000pam a2200000 a 4500 |
| 001 |
in00000587749 |
| 005 |
20151014072529.0 |
| 008 |
850516s1985 dcua b 00000 eng |
| 010 |
|
|
|a 85009596
|
| 020 |
|
|
|a 0821305379 (pbk.)
|
| 035 |
|
|
|a (OCoLC)12104538
|
| 035 |
|
|
|9 ACP2959AM
|
| 039 |
0 |
|
|a 2
|b 3
|c 3
|d 3
|e 3
|
| 040 |
|
|
|a DLC
|c DLC
|d TXA
|d UtOrBLW
|
| 043 |
|
|
|a d------
|
| 049 |
|
|
|a TXAM
|c [A10066097]
|
| 050 |
0 |
0 |
|a HD9559.P5
|b D474 1985
|
| 082 |
0 |
|
|a 333.95/3
|2 19
|
| 245 |
0 |
0 |
|a Fuel peat in developing countries /
|c Bord na Mona (Irish Peat Development Authority).
|
| 264 |
|
1 |
|a Washington, D.C., U.S.A. :
|b World Bank,
|c [1985]
|
| 264 |
|
4 |
|c ©1985
|
| 300 |
|
|
|a xxi, 146 pages :
|b illustrations ;
|c 28 cm.
|
| 336 |
|
|
|a text
|b txt
|2 rdacontent
|
| 337 |
|
|
|a unmediated
|b n
|2 rdamedia
|
| 338 |
|
|
|a volume
|b nc
|2 rdacarrier
|
| 490 |
1 |
|
|a World Bank technical paper,
|x 0253-7494 ;
|v no. 41
|
| 504 |
|
|
|a Bibliography: pages 129-146.
|
| 650 |
|
0 |
|a Peat industry
|z Developing countries.
|
| 710 |
2 |
|
|a Bord na Móna.
|
| 830 |
|
0 |
|a World Bank technical paper ;
|v no. 41.
|
| 999 |
|
|
|a MARS
|
| 999 |
f |
f |
|s aaac8d38-3749-3df3-a17f-49c7de7832c0
|i 9f47a3aa-bbc9-325b-b825-75417f710504
|t 0
|
| 952 |
f |
f |
|p ric
|a Texas A&M University
|b Rellis Campus
|c Joint Library Facility
|d Remote Storage
|t 0
|e HD9559.P5 D474 1985
|h Library of Congress classification
|i unmediated -- volume
|m A14810066097
|
| 998 |
f |
f |
|a HD9559.P5 D474 1985
|t 0
|l Remote Storage
|